LEADER 01142nam2-22003131i-450 001 990004211350403321 005 20180515105332.0 010 $a84-920640-1-3 035 $a000421135 100 $a19990604d1995----km-y0itay50------ba 101 2 $alat$aspa 102 $aES 105 $a--------001zy 200 1 $a<<1.: >> Historia de Carlos V$elibros 1-5$fJuan Ginés de Sepulveda$gvida y obra, estudio filologico, bibliografia, edición critica y traducción de E. Rodriguez Peregrina$gestudio historico de B. Cuart Moner 210 $aPozoblanco$cAyuntamiento$d1995 215 $aCXXIII, 141 p.$d24 cm 461 0$1001000421045$12001$aObras completas$v01 500 00$aHistoriarum de rebus gestis Caroli V,$m$919916 676 $a946.04$v21 700 1$aSepúlveda,$bJuan Ginés de$f<1490?-1573>$0386940 702 1$aRodriguez Peregrina,$bElena 702 1$aCuart Moner,$bB. 801 0$aIT$bUNINA$gRICA$2UNIMARC 901 $aBK 912 $a990004211350403321 952 $a946.04 SEP 1(1)$bBibl.36769$fFLFBC 959 $aFLFBC 996 $aHistoriarum de rebus gestis Caroli V$919916 997 $aUNINA LEADER 03951nam 2200673Ia 450 001 9910786212103321 005 20230314192746.0 010 $a0-674-07637-0 010 $a0-674-07634-6 024 7 $a10.4159/harvard.9780674076341 035 $a(CKB)2670000000345469 035 $a(EBL)3301292 035 $a(SSID)ssj0000871480 035 $a(PQKBManifestationID)11471588 035 $a(PQKBTitleCode)TC0000871480 035 $a(PQKBWorkID)10823049 035 $a(PQKB)11063747 035 $a(MiAaPQ)EBC3301292 035 $a(DE-B1597)209775 035 $a(OCoLC)1041188969 035 $a(OCoLC)840416063 035 $a(OCoLC)956975902 035 $a(OCoLC)979777446 035 $a(DE-B1597)9780674076341 035 $a(Au-PeEL)EBL3301292 035 $a(CaPaEBR)ebr10689572 035 $a(OCoLC)923120032 035 $a(PPN)18809704X 035 $a(EXLCZ)992670000000345469 100 $a20121210d2013 uy 0 101 0 $aeng 135 $aurnn#---|u||u 181 $ctxt$2rdacontent 182 $cc$2rdamedia 183 $acr$2rdacarrier 200 10$aFamily trees $ea history of genealogy in America /$fFrancois Weil 210 1$aCambridge :$cHarvard University Press,$d2013. 215 $a1 online resource (320 pages) 300 $aDescription based upon print version of record. 311 0 $a0-674-04583-1 320 $aIncludes bibliographical references and index. 327 $tFront matter --$tContents --$tPrologue --$t1. Lineage and Family in Colonial America --$t2. The Rise of American Genealogy --$t3. Antebellum Blood and Vanity --$t4. "Upon the Love of Country and Pride of Race" --$t5. Pedigrees and the Market --$t6. Everybody's Search for Roots --$tAbbreviations --$tNotes --$tAcknowledgments --$tIndex 330 $aThe quest for roots has been an enduring American preoccupation. Over the centuries, generations have sketched coats of arms, embroidered family trees, established local genealogical societies, and carefully filled in the blanks in their bibles, all in pursuit of self-knowledge and status through kinship ties. This long and varied history of Americans' search for identity illuminates the story of America itself, according to François Weil, as fixations with social standing, racial purity, and national belonging gave way in the twentieth century to an embrace of diverse ethnicity and heritage. Seeking out one's ancestors was a genteel pursuit in the colonial era, when an aristocratic pedigree secured a place in the British Atlantic empire. Genealogy developed into a middle-class diversion in the young republic. But over the next century, knowledge of one's family background came to represent a quasi-scientific defense of elite "Anglo-Saxons" in a nation transformed by immigration and the emancipation of slaves. By the mid-twentieth century, when a new enthusiasm for cultural diversity took hold, the practice of tracing one's family tree had become thoroughly democratized and commercialized. Today, Ancestry.com attracts over two million members with census records and ship manifests, while popular television shows depict celebrities exploring archives and submitting to DNA testing to learn the stories of their forebears. Further advances in genetics promise new insights as Americans continue their restless pursuit of past and place in an ever-changing world. 606 $aGenealogy$zUnited States$xHistory 606 $aGenealogy$xSocial aspects$zUnited States 606 $aNational characteristics, American 607 $aUnited States$xGenealogy$xHistory 615 0$aGenealogy$xHistory. 615 0$aGenealogy$xSocial aspects 615 0$aNational characteristics, American. 676 $a929.20973 700 $aWeil$b Francois$0417728 801 0$bMiAaPQ 801 1$bMiAaPQ 801 2$bMiAaPQ 906 $aBOOK 912 $a9910786212103321 996 $aFamily trees$93780665 997 $aUNINA LEADER 02366nam0 2200565 i 450 001 VAN00103472 005 20260212120150.18 017 70$2N$a9783319068206 100 $a20151110d2014 |0itac50 ba 101 $aeng 102 $aCH 105 $a|||| ||||| 181 $ai$b e 182 $ab 183 $acr 200 1 $aDynamical systems with applications using MATLAB®$fStephen Lynch 205 $a2. ed 210 $aCham$cBirkhäuser$cSpringer$d2014 215 $aXV, 514 p.$cill.$d24 cm 500 1$3VAN00240967$aDynamical systems with applications using MATLAB$91410329 606 $a28A80$xFractals [MSC 2020]$3VANC020040$2MF 606 $a34-XX$xOrdinary differential equations [MSC 2020]$3VANC021251$2MF 606 $a37-XX$xDynamical systems and ergodic theory [MSC 2020]$3VANC020363$2MF 606 $a49K15$xOptimality conditions for problems involving ordinary differential equations [MSC 2020]$3VANC024589$2MF 606 $a78A60$xLasers, masers, optical bistability, nonlinear optics [MSC 2020]$3VANC029030$2MF 606 $a80A30$xChemical kinetics in thermodynamics and heat transfer [MSC 2020]$3VANC031249$2MF 610 $aChaos control and synchronization$9KW:K 610 $aDynamical systems$9KW:K 610 $aGröbner Bases$9KW:K 610 $aImage processing$9KW:K 610 $aMATLAB$9KW:K 610 $aMathematical methods in engineering$9KW:K 610 $aMathematical modeling$9KW:K 610 $aMuPad$9KW:K 610 $aNormal forms$9KW:K 610 $aOrdinary Differential Equations$9KW:K 610 $aPerturbation$9KW:K 610 $aSIMULINK$9KW:K 620 $aCH$dCham$3VANL001889 700 1$aLynch$bStephen$3VANV036281$023315 712 $aBirkhäuser $3VANV108193$4650 712 $aSpringer $3VANV108073$4650 801 $aIT$bSOL$c20260213$gRICA 856 4 $uhttp://dx.doi.org/10.1007/978-3-319-06820-6$zE-book ? Accesso al full-text attraverso riconoscimento IP di Ateneo, proxy e/o Shibboleth 899 $aBIBLIOTECA CENTRO DI SERVIZIO SBA$2VAN15 912 $fN 912 $aVAN00103472 950 $aBIBLIOTECA CENTRO DI SERVIZIO SBA$d15CONS SBA EBOOK 4596 $e15EB 4596 20191106 996 $aDynamical systems with applications using MATLAB$91410329 997 $aUNICAMPANIA